[Event "Winnipeg TNT July op"]
[Site "Winnipeg CAN"]
[Date "2013.07.16"]
[Round "3"]
[White "Javate, Larry"]
[Black "Towns, Barry"]
[Result "1-0"]
[WhiteElo "1411"]
[BlackElo "1721"]
[PlyCount "63"]
[GameId "2160767909339191"]
[EventDate "2013.07.02"]
[EventType "swiss"]
[EventRounds "5"]
[EventCountry "CAN"]
[SourceTitle "EXT 2022"]
[Source "ChessBase"]
[SourceDate "2021.10.06"]
[SourceVersion "1"]
[SourceVersionDate "2021.10.06"]
[SourceQuality "1"]

1. e4 e5 2. Nf3 Nc6 3. Nc3 Nf6 4. h3 Bc5 5. a3 a5 6. Bc4 d6 7. d3 Be6 8. Nd5 Nd4 9. Nxd4 Bxd4 10. c3 Ba7 11. Bg5 Bxd5 12. Bxd5 c6 13. Ba2 Qb6 14. Qe2 h6 15. Bh4 g5 16. Bg3 h5 17. Qf3 Qxb2 18. O-O Rh7 19. Rfb1 Qxc3 20. Rc1 Qxa3 21. Bxf7+ Kxf7 22. Rxa3 Bc5 23. Rb3 b5 24. Bxe5 Rh6 25. Ba1 a4 26. Rbb1 Ba3 27. Bxf6 Rxf6 28. Qxh5+ Rg6 29. Rxc6 Rb8 30. Qh7+ Kf6 31. Rc7 Rgg8 32. Qf5# 1-0

[Event "Winnipeg TNT July op"]
[Site "Winnipeg CAN"]
[Date "2013.07.16"]
[Round "3"]
[White "Ma, Derek"]
[Black "Mundwiler, Les"]
[Result "0-1"]
[WhiteElo "1738"]
[BlackElo "2033"]
[PlyCount "110"]
[GameId "2160767909339193"]
[EventDate "2013.07.02"]
[EventType "swiss"]
[EventRounds "5"]
[EventCountry "CAN"]
[SourceTitle "EXT 2022"]
[Source "ChessBase"]
[SourceDate "2021.10.06"]
[SourceVersion "1"]
[SourceVersionDate "2021.10.06"]
[SourceQuality "1"]

1. e4 d6 2. d4 g6 3. Nc3 Bg7 4. Be3 Nd7 5. Bc4 e6 6. Nge2 c6 7. d5 cxd5 8. exd5 e5 9. Nb5 Nb6 10. Bb3 a6 11. Nbc3 Nf6 12. f3 O-O 13. Qd2 Qc7 14. g4 Nc4 15. Bxc4 Qxc4 16. g5 Nh5 17. Ne4 Qc7 18. N2g3 Nf4 19. Bxf4 exf4 20. Qxf4 Bxb2 21. Nf6+ Bxf6 22. Qxf6 Qxc2 23. O-O Bh3 24. Rf2 Qc5 25. Ne4 Qxd5 26. Qxd6 Qxd6 27. Nxd6 f6 28. f4 b5 29. Ne4 fxg5 30. fxg5 Rxf2 31. Kxf2 Bf5 32. Nf6+ Kg7 33. Re1 Kf7 34. a3 h5 35. h4 Rd8 36. Re3 Rd4 37. Kg3 a5 38. Re5 b4 39. Rxa5 b3 40. Rb5 Bc2 41. Rb6 Ra4 42. Nd5 Rxa3 43. Kf2 Ra4 44. Nb4 Be4 45. Ke3 b2 46. Nd3 Bxd3 47. Kxd3 Rxh4 48. Rxb2 Rg4 49. Rb5 Rf4 50. Ke3 Rf5 51. Rxf5+ gxf5 52. Kf4 Kg6 53. Kg3 Kxg5 54. Kh3 h4 55. Kg2 Kg4 0-1

[Event "Winnipeg TNT July op"]
[Site "Winnipeg CAN"]
[Date "2013.07.16"]
[Round "3"]
[White "Reimer, Bruce"]
[Black "Dykman, Tony"]
[Result "1-0"]
[WhiteElo "1609"]
[BlackElo "1301"]
[PlyCount "56"]
[GameId "2160767909339195"]
[EventDate "2013.07.02"]
[EventType "swiss"]
[EventRounds "5"]
[EventCountry "CAN"]
[SourceTitle "EXT 2022"]
[Source "ChessBase"]
[SourceDate "2021.10.06"]
[SourceVersion "1"]
[SourceVersionDate "2021.10.06"]
[SourceQuality "1"]

1. c4 e5 2. g3 Nf6 3. Bg2 Nc6 4. Nc3 Be7 5. e3 d6 6. Nge2 Bf5 7. e4 Bg6 8. O-O O-O 9. d3 Qd7 10. f4 exf4 11. Nxf4 Ne5 12. h3 a6 13. b3 b5 14. Nxg6 Nxg6 15. e5 Rab8 16. exf6 Bxf6 17. Bb2 c5 18. Qd2 Ne7 19. Ne4 Bxb2 20. Qxb2 Rb6 21. Rad1 f5 22. Ng5 d5 23. Rfe1 Rg6 24. Qe5 Nc6 25. Qxd5+ Qxd5 26. Bxd5+ Kh8 27. Nf7+ Kg8 28. Ne5+ Kh8 1-0

[Event "Winnipeg TNT July op"]
[Site "Winnipeg CAN"]
[Date "2013.07.16"]
[Round "3"]
[White "Wasserman, Leor"]
[Black "Schulz, Waldemar"]
[Result "1/2-1/2"]
[WhiteElo "1961"]
[BlackElo "1969"]
[PlyCount "31"]
[GameId "2160767909339196"]
[EventDate "2013.07.02"]
[EventType "swiss"]
[EventRounds "5"]
[EventCountry "CAN"]
[SourceTitle "EXT 2022"]
[Source "ChessBase"]
[SourceDate "2021.10.06"]
[SourceVersion "1"]
[SourceVersionDate "2021.10.06"]
[SourceQuality "1"]

1. e4 c5 2. Nf3 Nc6 3. d4 cxd4 4. Nxd4 e5 5. Nb5 a6 6. N5c3 Nf6 7. Bg5 Be7 8. Bc4 O-O 9. Bxf6 Bxf6 10. O-O d6 11. Nd5 Be6 12. Nbc3 Bg5 13. a3 Rc8 14. Ba2 Nd4 15. f4 Bxd5 16. Nxd5 1/2-1/2

[Event "Winnipeg TNT July op"]
[Site "Winnipeg CAN"]
[Date "2013.07.23"]
[Round "4"]
[White "Dykman, Tony"]
[Black "Towns, Barry"]
[Result "0-1"]
[WhiteElo "1301"]
[BlackElo "1721"]
[PlyCount "34"]
[GameId "2160767909339198"]
[EventDate "2013.07.02"]
[EventType "swiss"]
[EventRounds "5"]
[EventCountry "CAN"]
[SourceTitle "EXT 2022"]
[Source "ChessBase"]
[SourceDate "2021.10.06"]
[SourceVersion "1"]
[SourceVersionDate "2021.10.06"]
[SourceQuality "1"]

1. e4 e5 2. Nf3 Nc6 3. Bb5 a6 4. Ba4 Nf6 5. O-O d6 6. Re1 Bg4 7. c3 b5 8. Bb3 Na5 9. d4 d5 10. exd5 Nxb3 11. Qxb3 Bxf3 12. Rxe5+ Be7 13. gxf3 O-O 14. Bf4 Bd6 15. Re4 Nxe4 16. fxe4 Bxf4 17. Nd2 Bxd2 0-1

[Event "Winnipeg TNT July op"]
[Site "Winnipeg CAN"]
[Date "2013.07.23"]
[Round "4"]
[White "Lipnowski, Samuel"]
[Black "Atem, James"]
[Result "0-1"]
[WhiteElo "2248"]
[BlackElo "1805"]
[PlyCount "166"]
[GameId "2160767909339199"]
[EventDate "2013.07.02"]
[EventType "swiss"]
[EventRounds "5"]
[EventCountry "CAN"]
[SourceTitle "EXT 2022"]
[Source "ChessBase"]
[SourceDate "2021.10.06"]
[SourceVersion "1"]
[SourceVersionDate "2021.10.06"]
[SourceQuality "1"]

1. e4 c5 2. Nf3 d6 3. d4 Nd7 4. c3 e6 5. Bd3 Qb6 6. O-O Be7 7. Na3 d5 8. exd5 exd5 9. Re1 c4 10. Bf5 Qf6 11. Bh3 a6 12. Qa4 Qc6 13. Qc2 Kf8 14. Bf4 Ngf6 15. Qe2 Bxa3 16. bxa3 Ne4 17. Ng5 h6 18. Nxe4 dxe4 19. Qxe4 Qxe4 20. Rxe4 Nf6 21. Re3 Bxh3 22. Rxh3 Nd5 23. Bd2 f6 24. Re1 Kf7 25. Rh5 Rad8 26. Rf5 g6 27. Rf3 Rde8 28. Kf1 Rxe1+ 29. Kxe1 Re8+ 30. Kd1 h5 31. h3 Ke6 32. Kc2 Kd6 33. Kd1 Kc6 34. Rg3 g5 35. Rf3 Re6 36. h4 gxh4 37. Rf5 Re4 38. Rxh5 Rg4 39. Ke2 Rxg2 40. Rxh4 Rg1 41. Be1 f5 42. Rh6+ Kc7 43. Rh7+ Kb6 44. Rh6+ Kb5 45. Rd6 Nf4+ 46. Kf3 Nd3 47. Bd2 Rf1 48. Bg5 Rxf2+ 49. Ke3 f4+ 50. Ke4 Re2+ 51. Kd5 Rxa2 52. Bd8 Rb2 53. Rb6+ Ka4 54. Kxc4 Rxb6 55. Bxb6 Nb2+ 56. Kc5 f3 57. d5 f2 58. d6 f1=Q 59. d7 Qb5+ 60. Kd6 Qxb6+ 61. Ke7 Nd1 62. c4 Ne3 63. d8=Q Qxd8+ 64. Kxd8 Nxc4 65. Kc7 b5 66. Kc6 Nxa3 67. Kb6 a5 68. Kc5 b4 69. Kd4 Kb3 70. Kd3 Nc4 71. Ke2 Kc2 72. Kf3 b3 73. Ke4 b2 74. Kd4 Kb3 75. Kc5 b1=Q 76. Kd4 Qg6 77. Kd5 Qd6+ 78. Ke4 Qe5+ 79. Kf3 Kc2 80. Kg4 Kd3 81. Kf3 Qg5 82. Kf2 Qg4 83. Kf1 Ke3 0-1

[Event "Winnipeg TNT July op"]
[Site "Winnipeg CAN"]
[Date "2013.07.23"]
[Round "4"]
[White "Mundwiler, Les"]
[Black "Melamedoff, Gustavo"]
[Result "1-0"]
[WhiteElo "2033"]
[BlackElo "2115"]
[PlyCount "139"]
[GameId "2160767909339200"]
[EventDate "2013.07.02"]
[EventType "swiss"]
[EventRounds "5"]
[EventCountry "CAN"]
[SourceTitle "EXT 2022"]
[Source "ChessBase"]
[SourceDate "2021.10.06"]
[SourceVersion "1"]
[SourceVersionDate "2021.10.06"]
[SourceQuality "1"]

1. Nf3 Nf6 2. g3 g6 3. Bg2 Bg7 4. d4 O-O 5. O-O d6 6. Nc3 Nbd7 7. a4 c6 8. Re1 Qc7 9. a5 Rb8 10. e4 e5 11. Be3 b5 12. axb6 axb6 13. h3 Bb7 14. Qe2 Ra8 15. dxe5 dxe5 16. Qc4 Qd6 17. b4 b5 18. Qb3 Qc7 19. Red1 Rxa1 20. Rxa1 h6 21. Ne1 Ne8 22. Nd3 Nd6 23. Nc5 Nxc5 24. Bxc5 Rd8 25. Bf1 Nc8 26. Nd1 Bf8 27. Be3 c5 28. bxc5 Bxc5 29. Qc3 Bd6 30. Bxb5 Bxe4 31. Qxc7 Bxc7 32. c4 Bd3 33. Nb2 e4 34. Ra8 Nd6 35. Rxd8+ Bxd8 36. Ba6 Be2 37. Bxh6 Bf6 38. Bf4 Nf5 39. Na4 Bd4 40. Bc7 e3 41. fxe3 Nxe3 42. Bb6 Bxb6 43. Nxb6 Nf5 44. Kf2 Bd3 45. Nd7 Nd6 46. Ne5 Bf5 47. g4 Be6 48. Ke3 f6 49. c5 Ne8 50. Nxg6 Kf7 51. Nf4 Nc7 52. Nxe6 Nxa6 53. Nd8+ Ke7 54. Nb7 Kd7 55. Kd4 Kc6 56. h4 Kxb7 57. h5 Kc6 58. h6 Nxc5 59. h7 Ne6+ 60. Ke3 Kd6 61. h8=Q Ke7 62. Qc8 Kd6 63. Ke4 Ke7 64. Kf5 Ng7+ 65. Kg6 Ne6 66. Qb7+ Kd6 67. Kxf6 Nc5 68. Qe7+ Kd5 69. g5 Ne4+ 70. Qxe4+ 1-0

[Event "Winnipeg TNT July op"]
[Site "Winnipeg CAN"]
[Date "2013.07.23"]
[Round "4"]
[White "Schulz, Waldemar"]
[Black "Rutter, Blair"]
[Result "1/2-1/2"]
[WhiteElo "1969"]
[BlackElo "1853"]
[PlyCount "123"]
[GameId "2160767909339201"]
[EventDate "2013.07.02"]
[EventType "swiss"]
[EventRounds "5"]
[EventCountry "CAN"]
[SourceTitle "EXT 2022"]
[Source "ChessBase"]
[SourceDate "2021.10.06"]
[SourceVersion "1"]
[SourceVersionDate "2021.10.06"]
[SourceQuality "1"]

1. d4 d5 2. c4 c6 3. Nc3 Nf6 4. Nf3 Nbd7 5. e3 e6 6. Be2 Be7 7. O-O O-O 8. Qc2 Re8 9. b3 Bb4 10. Bb2 Bxc3 11. Bxc3 Ne4 12. Rfd1 f5 13. Rac1 g5 14. Bb2 g4 15. Nd2 Ng5 16. Bd3 Nf6 17. cxd5 cxd5 18. Qc7 Qe7 19. Bb5 Bd7 20. Bxd7 Qxd7 21. Qxd7 Nxd7 22. Rc7 Nf6 23. Rdc1 Rab8 24. Ba3 Nfe4 25. Nxe4 Nxe4 26. Kf1 b5 27. Bb4 a5 28. Bxa5 b4 29. R1c2 Rb5 30. Ra7 Nf6 31. Rcc7 Rf8 32. Ke2 Rbb8 33. Kd3 Rfc8 34. Rxc8+ Rxc8 35. Bxb4 Rc1 36. f3 Rg1 37. Be7 Ne8 38. fxg4 fxg4 39. Bg5 Rxg2 40. Bf4 h5 41. a4 h4 42. Re7 Nf6 43. Rxe6 Kf7 44. Rc6 Nh5 45. Be5 g3 46. hxg3 hxg3 47. Rd6 Rb2 48. Bxg3 Nxg3 49. Kc3 Re2 50. Rxd5 Rxe3+ 51. Kc4 Ne4 52. b4 Rc3+ 53. Kb5 Nf6 54. Rc5 Rd3 55. Rc4 Ke6 56. Rc6+ Ke7 57. Kc4 Rd1 58. a5 Rc1+ 59. Kb5 Ra1 60. a6 Kd7 61. Rc3 Nd5 62. Rh3 1/2-1/2

[Event "Winnipeg TNT July op"]
[Site "Winnipeg CAN"]
[Date "2013.07.23"]
[Round "4"]
[White "Swift, Ryne"]
[Black "Wasserman, Leor"]
[Result "1/2-1/2"]
[WhiteElo "1934"]
[BlackElo "1961"]
[PlyCount "83"]
[GameId "2160767909339202"]
[EventDate "2013.07.02"]
[EventType "swiss"]
[EventRounds "5"]
[EventCountry "CAN"]
[SourceTitle "EXT 2022"]
[Source "ChessBase"]
[SourceDate "2021.10.06"]
[SourceVersion "1"]
[SourceVersionDate "2021.10.06"]
[SourceQuality "1"]

1. e4 c5 2. Nf3 d6 3. d4 Nf6 4. dxc5 Nxe4 5. cxd6 Qb6 6. Qd4 Qxd4 7. Nxd4 Nxd6 8. Nc3 Bd7 9. Be3 g6 10. Ndb5 Nxb5 11. Nxb5 Na6 12. c3 Bg7 13. O-O-O Be6 14. Kb1 O-O 15. Nd4 Bd5 16. f3 Rfd8 17. Be2 e5 18. Nb3 e4 19. Ka1 exf3 20. Bxf3 Bxf3 21. gxf3 Re8 22. Rhe1 Nc7 23. Kb1 b6 24. Bd4 Bh6 25. Bf2 Ne6 26. Nd4 Nxd4 27. Rxd4 Rxe1+ 28. Bxe1 Re8 29. Re4 Rxe4 30. fxe4 Bf4 31. h3 Kg7 32. Kc2 Kf6 33. Kd3 g5 34. Bf2 h5 35. b4 h4 36. Ke2 Ke5 37. Kf3 f5 38. exf5 Kxf5 39. c4 Bd2 40. c5 bxc5 41. Bxc5 a6 42. a4 1/2-1/2

[Event "Winnipeg TNT July op"]
[Site "Winnipeg CAN"]
[Date "2013.07.23"]
[Round "4"]
[White "Trueman, Francis"]
[Black "Javate, Larry"]
[Result "1-0"]
[WhiteElo "1484"]
[BlackElo "1411"]
[PlyCount "63"]
[GameId "2160767909339203"]
[EventDate "2013.07.02"]
[EventType "swiss"]
[EventRounds "5"]
[EventCountry "CAN"]
[SourceTitle "EXT 2022"]
[Source "ChessBase"]
[SourceDate "2021.10.06"]
[SourceVersion "1"]
[SourceVersionDate "2021.10.06"]
[SourceQuality "1"]

1. Nf3 c5 2. g3 Nf6 3. d3 Nc6 4. Nbd2 d6 5. Bg2 Bg4 6. O-O e6 7. Re1 Be7 8. e4 h6 9. Qe2 Nd4 10. Qd1 O-O 11. c3 Nxf3+ 12. Nxf3 Nh7 13. h3 Bh5 14. Qb3 Qd7 15. Kh1 e5 16. Nh2 Ng5 17. Bxg5 Bxg5 18. Qc2 f5 19. exf5 Be8 20. g4 Bf4 21. Qe2 Qe7 22. Rg1 Bc6 23. Bxc6 bxc6 24. Rae1 Qh4 25. Qf1 d5 26. Nf3 Qf6 27. Qg2 Rae8 28. h4 e4 29. g5 Qxf5 30. Nh2 exd3 31. Ng4 Rxe1 32. Rxe1 1-0

[Event "Winnipeg TNT July op"]
[Site "Winnipeg CAN"]
[Date "2013.07.30"]
[Round "5"]
[White "Javate, Larry"]
[Black "Dykman, Tony"]
[Result "1-0"]
[WhiteElo "1411"]
[BlackElo "1301"]
[PlyCount "60"]
[GameId "2160767909339204"]
[EventDate "2013.07.02"]
[EventType "swiss"]
[EventRounds "5"]
[EventCountry "CAN"]
[SourceTitle "EXT 2022"]
[Source "ChessBase"]
[SourceDate "2021.10.06"]
[SourceVersion "1"]
[SourceVersionDate "2021.10.06"]
[SourceQuality "1"]

1. e4 c5 2. Nf3 d6 3. Nc3 Nf6 4. Bc4 h6 5. h3 g6 6. d3 Bg7 7. a3 O-O 8. Be3 Nc6 9. Qd2 h5 10. Bh6 Ne5 11. Nxe5 dxe5 12. Qg5 Bd7 13. Qxg6 Ne8 14. Qxh5 Be6 15. Nd5 Bxd5 16. Bxd5 Rb8 17. Bxg7 Nxg7 18. Qxe5 Qd6 19. Qg5 e6 20. Bb3 b5 21. h4 c4 22. dxc4 bxc4 23. Bxc4 Rxb2 24. Bb3 Rb8 25. h5 Qd8 26. Qg4 Kf8 27. h6 R2xb3 28. Qxg7+ Ke8 29. Qg8+ Ke7 30. Qxd8+ Kxd8 1-0

[Event "Winnipeg TNT July op"]
[Site "Winnipeg CAN"]
[Date "2013.07.30"]
[Round "5"]
[White "Melamedoff, Gustavo"]
[Black "Trueman, Francis"]
[Result "1-0"]
[WhiteElo "2115"]
[BlackElo "1484"]
[PlyCount "47"]
[GameId "2160767909339205"]
[EventDate "2013.07.02"]
[EventType "swiss"]
[EventRounds "5"]
[EventCountry "CAN"]
[SourceTitle "EXT 2022"]
[Source "ChessBase"]
[SourceDate "2021.10.06"]
[SourceVersion "1"]
[SourceVersionDate "2021.10.06"]
[SourceQuality "1"]

1. Nf3 Nf6 2. c4 d6 3. g3 g6 4. Bg2 Bg7 5. O-O O-O 6. Nc3 Nbd7 7. d3 Re8 8. Rb1 e5 9. Bg5 c6 10. b4 Rb8 11. b5 Nb6 12. a4 a5 13. Nd2 h6 14. Bxf6 Bxf6 15. bxc6 bxc6 16. Bxc6 Bd7 17. Bg2 Qc7 18. Nde4 Bg7 19. Nb5 Bxb5 20. Rxb5 f5 21. Nxd6 Qxd6 22. c5 Qd4 23. cxb6 Rxb6 24. Qb3+ 1-0

[Event "Winnipeg TNT July op"]
[Site "Winnipeg CAN"]
[Date "2013.07.30"]
[Round "5"]
[White "Reimer, Bruce"]
[Black "Leaden, Bruce"]
[Result "0-1"]
[WhiteElo "1609"]
[BlackElo "1605"]
[PlyCount "70"]
[GameId "2160767909339206"]
[EventDate "2013.07.02"]
[EventType "swiss"]
[EventRounds "5"]
[EventCountry "CAN"]
[SourceTitle "EXT 2022"]
[Source "ChessBase"]
[SourceDate "2021.10.06"]
[SourceVersion "1"]
[SourceVersionDate "2021.10.06"]
[SourceQuality "1"]

1. c4 Nf6 2. Nc3 e6 3. g3 Bb4 4. Bg2 Bxc3 5. bxc3 O-O 6. Ba3 Re8 7. e4 e5 8. Ne2 d6 9. O-O Be6 10. Qb3 Qc8 11. Rab1 b6 12. d4 Nc6 13. Qb5 Bd7 14. Qb2 Na5 15. dxe5 Nxc4 16. Qc1 dxe5 17. Bb2 b5 18. Rd1 Rd8 19. f4 Ng4 20. Rd3 Qa6 21. h3 Qb6+ 22. Kh1 Nf2+ 23. Kh2 Nxd3 24. Qc2 Ndxb2 25. Rxb2 Nxb2 26. Qxb2 exf4 27. Nxf4 Be6 28. Nh5 Rd7 29. c4 Qd4 30. Qxb5 Rad8 31. Qg5 f6 32. Qf4 Qe5 33. Qf3 Rd3 34. Qf2 Rd2 35. Qf3 R8d3 0-1

[Event "Winnipeg TNT July op"]
[Site "Winnipeg CAN"]
[Date "2013.07.30"]
[Round "5"]
[White "Swift, Ryne"]
[Black "Mundwiler, Les"]
[Result "0-1"]
[WhiteElo "1934"]
[BlackElo "2033"]
[PlyCount "120"]
[GameId "2160767909339207"]
[EventDate "2013.07.02"]
[EventType "swiss"]
[EventRounds "5"]
[EventCountry "CAN"]
[SourceTitle "EXT 2022"]
[Source "ChessBase"]
[SourceDate "2021.10.06"]
[SourceVersion "1"]
[SourceVersionDate "2021.10.06"]
[SourceQuality "1"]

1. e4 d6 2. d4 Nf6 3. Nc3 Nbd7 4. Nf3 e5 5. dxe5 dxe5 6. a3 Bc5 7. Bc4 c6 8. O-O O-O 9. h3 b5 10. Bd3 a5 11. Re1 Re8 12. Be3 Bxe3 13. Rxe3 Qb6 14. Ne2 Nh5 15. c4 b4 16. axb4 Qxb4 17. Qd2 c5 18. Qxb4 cxb4 19. Bc2 Nc5 20. b3 Bb7 21. Ne1 Nf4 22. f3 Red8 23. Nxf4 exf4 24. Re2 Bc6 25. Rb1 Rab8 26. Kf2 a4 27. g3 fxg3+ 28. Kxg3 a3 29. Ra1 Rd4 30. Kf2 Rbd8 31. Ng2 Nd3+ 32. Ke3 Nb2 33. Nf4 Nd1+ 34. Bxd1 Rxd1 35. Rea2 R8d4 36. Rxd1 Rxd1 37. Nd3 Rb1 38. Kd4 Rxb3 39. Nxb4 Bd7 40. Nc2 Rxf3 41. Rxa3 Rxa3 42. Nxa3 Bxh3 43. Ke3 Kf8 44. Kf4 Ke7 45. c5 Kd7 46. Nc4 Be6 47. Na5 h5 48. Kg5 g6 49. e5 Kc7 50. Kh4 Bd5 51. Kg5 Kd7 52. Kf4 h4 53. Kg4 g5 54. c6+ Kc7 55. Nb7 Be6+ 56. Kf3 g4+ 57. Kg2 h3+ 58. Kh2 Kxc6 59. Nd6 Kd5 60. Ne8 Kxe5 0-1

[Event "Winnipeg TNT July op"]
[Site "Winnipeg CAN"]
[Date "2013.07.30"]
[Round "5"]
[White "Towns, Barry"]
[Black "Ma, Derek"]
[Result "0-1"]
[WhiteElo "1721"]
[BlackElo "1738"]
[PlyCount "87"]
[GameId "2160767909339208"]
[EventDate "2013.07.02"]
[EventType "swiss"]
[EventRounds "5"]
[EventCountry "CAN"]
[SourceTitle "EXT 2022"]
[Source "ChessBase"]
[SourceDate "2021.10.06"]
[SourceVersion "1"]
[SourceVersionDate "2021.10.06"]
[SourceQuality "1"]

1. b4 e5 2. Bb2 d6 3. Nf3 Nf6 4. e3 Bf5 5. Nh4 Be6 6. Be2 Qd7 7. O-O Be7 8. f4 exf4 9. exf4 Qc6 10. a4 Qb6+ 11. d4 Qxb4 12. Ba3 Qxa4 13. Nc3 Qd7 14. f5 Bd5 15. Rb1 c6 16. Nxd5 Nxd5 17. f6 Nc3 18. Bg4 Nxd1 19. Bxd7+ Nxd7 20. Re1 gxf6 21. Nf5 Ne5 22. Rbxd1 c5 23. Nxe7 Kxe7 24. dxe5 fxe5 25. Bb2 a6 26. c4 Rhg8 27. Re4 a5 28. Ba3 b6 29. Rf1 Rg6 30. Rf3 Rag8 31. g3 Rg4 32. Rfe3 f5 33. Rxg4 Rxg4 34. Rc3 Rd4 35. Bc1 f4 36. Kg2 Ke6 37. g4 Kf6 38. h4 h6 39. Kf3 Rd1 40. Rc2 Rd3+ 41. Kg2 Rg3+ 42. Kh2 Rxg4 43. Kh3 Rg3+ 44. Kh2 0-1

[Event "Winnipeg TNT July op"]
[Site "Winnipeg CAN"]
[Date "2013.07.30"]
[Round "5"]
[White "Wasserman, Leor"]
[Black "Atem, James"]
[Result "0-1"]
[WhiteElo "1961"]
[BlackElo "1805"]
[PlyCount "70"]
[GameId "2160767909339209"]
[EventDate "2013.07.02"]
[EventType "swiss"]
[EventRounds "5"]
[EventCountry "CAN"]
[SourceTitle "EXT 2022"]
[Source "ChessBase"]
[SourceDate "2021.10.06"]
[SourceVersion "1"]
[SourceVersionDate "2021.10.06"]
[SourceQuality "1"]

1. e4 c6 2. d4 d6 3. c4 Nd7 4. Nc3 Ngf6 5. Nf3 e6 6. e5 dxe5 7. dxe5 Ng4 8. Qd4 h5 9. Bg5 Qa5 10. O-O-O Bc5 11. Qf4 Nxf2 12. Nd4 Nxd1 13. Bd3 Nxc3 14. Nxe6 Nxa2+ 15. Kb1 Be7 16. Nxg7+ Kd8 17. Qxf7 Nc3+ 18. bxc3 Kc7 19. Qxe7 Qxc3 20. Qd6+ Kb6 21. Be3+ Ka5 22. e6 Rg8 23. Ka2 Rxg7 24. g3 Ne5 25. Bd4 Qd2+ 26. Ka1 Qxd3 27. Qxe5+ b5 28. Qxg7 Bxe6 29. Bc3+ b4 30. Qe5+ Ka4 31. Bxb4 Kxb4 32. Rb1+ Ka4 33. Rb7 Bxc4 34. Qf4 a5 35. Kb2 Re8 0-1

[Event "Winnipeg TNT June op"]
[Site "Winnipeg CAN"]
[Date "2013.06.04"]
[Round "1"]
[White "Baron, Gustav"]
[Black "Lipnowski, Samuel"]
[Result "0-1"]
[WhiteElo "1902"]
[BlackElo "2229"]
[PlyCount "78"]
[GameId "2160767909347719"]
[EventDate "2013.06.04"]
[EventType "swiss"]
[EventRounds "4"]
[EventCountry "CAN"]
[SourceTitle "EXT 2022"]
[Source "ChessBase"]
[SourceDate "2021.10.06"]
[SourceVersion "1"]
[SourceVersionDate "2021.10.06"]
[SourceQuality "1"]

1. d4 Nf6 2. Nf3 e6 3. Bg5 h6 4. Bxf6 Qxf6 5. e4 c5 6. e5 Qd8 7. c3 cxd4 8. cxd4 Qb6 9. Qb3 Qxb3 10. axb3 Nc6 11. Bd3 Nb4 12. Be4 d5 13. exd6 f5 14. d7+ Kxd7 15. Ne5+ Ke8 16. Bd3 Nxd3+ 17. Nxd3 Bd6 18. O-O Kf7 19. Nd2 Rd8 20. Nf3 Kf6 21. Rfe1 g5 22. Rad1 b6 23. Nfe5 Bb7 24. f4 Bd5 25. Nc4 Bc7 26. fxg5+ hxg5 27. Nb4 Bb7 28. Ne5 b5 29. Nec6 Rd6 30. d5 Bb6+ 31. Kf1 a5 32. Na2 b4 33. g3 Rxd5 34. Rxd5 exd5 35. Ne5 Rd8 36. Nc1 Ba6+ 37. Kg2 Bb5 38. Nf3 g4 39. Ng1 Rc8 0-1

[Event "Winnipeg TNT June op"]
[Site "Winnipeg CAN"]
[Date "2013.06.04"]
[Round "1"]
[White "Gentes, Kevin"]
[Black "Swift, Ryne"]
[Result "1-0"]
[WhiteElo "2283"]
[BlackElo "1920"]
[PlyCount "93"]
[GameId "2160767909347721"]
[EventDate "2013.06.04"]
[EventType "swiss"]
[EventRounds "4"]
[EventCountry "CAN"]
[SourceTitle "EXT 2022"]
[Source "ChessBase"]
[SourceDate "2021.10.06"]
[SourceVersion "1"]
[SourceVersionDate "2021.10.06"]
[SourceQuality "1"]

1. e4 e5 2. Nf3 Nc6 3. Bb5 a6 4. Ba4 Nf6 5. O-O b5 6. Bb3 Be7 7. Re1 O-O 8. a4 Bb7 9. d3 d6 10. Bd2 Qd7 11. Nc3 Nd4 12. Nxd4 exd4 13. Ne2 c5 14. Ng3 d5 15. e5 Ne8 16. c3 dxc3 17. bxc3 Nc7 18. d4 cxd4 19. cxd4 Ne6 20. Qg4 Kh8 21. Nf5 Rg8 22. Nxe7 Qxe7 23. Bc2 Bc6 24. Bxh7 g6 25. Bxg8 Kxg8 26. axb5 Bxb5 27. h4 Bd3 28. Be3 a5 29. h5 Bf5 30. Qd1 Qh4 31. h6 g5 32. Qf3 Qe4 33. Qg3 Qg4 34. Qxg4 Bxg4 35. Ra4 Nd8 36. Bxg5 Bd7 37. Ra3 Nc6 38. Rg3 Be6 39. Bf6+ Kh7 40. Rg7+ Kxh6 41. f3 Nb4 42. Kh2 Nd3 43. Rd1 Nf4 44. Rh1 Nh5 45. Kg1 Rb8 46. Rh4 Rb3 47. Rg5 1-0

[Event "Winnipeg TNT June op"]
[Site "Winnipeg CAN"]
[Date "2013.06.04"]
[Round "1"]
[White "Melamedoff, Gustavo"]
[Black "Wolchock, Theo"]
[Result "1-0"]
[WhiteElo "2097"]
[BlackElo "1724"]
[PlyCount "73"]
[GameId "2160767909347722"]
[EventDate "2013.06.04"]
[EventType "swiss"]
[EventRounds "4"]
[EventCountry "CAN"]
[SourceTitle "EXT 2022"]
[Source "ChessBase"]
[SourceDate "2021.10.06"]
[SourceVersion "1"]
[SourceVersionDate "2021.10.06"]
[SourceQuality "1"]

1. e4 e5 2. Nf3 d6 3. d4 exd4 4. Nxd4 Nf6 5. Nc3 Be7 6. h3 Bd7 7. Be3 O-O 8. Qd2 Nc6 9. O-O-O a6 10. g4 Nxd4 11. Bxd4 Bc6 12. Bd3 b5 13. g5 Nd7 14. f4 Nc5 15. Bxc5 dxc5 16. Qf2 Qc8 17. Nd5 Bxd5 18. exd5 Bd6 19. Qh4 g6 20. f5 c4 21. f6 Re8 22. Be4 Rb8 23. Rhe1 b4 24. Re3 a5 25. Rde1 Qd7 26. Qf2 Bc5 27. Qh4 Bxe3+ 28. Rxe3 Qd6 29. Kd2 c6 30. Qh6 Qf8 31. Qxf8+ Kxf8 32. dxc6 Rbc8 33. h4 Re5 34. Bf3 Ree8 35. Rxe8+ Rxe8 36. Bg4 Rd8+ 37. Bd7 1-0

[Event "Winnipeg TNT June op"]
[Site "Winnipeg CAN"]
[Date "2013.06.04"]
[Round "1"]
[White "Mundwiler, Les"]
[Black "Lipato, Ernesto"]
[Result "1-0"]
[WhiteElo "2051"]
[BlackElo "1437"]
[PlyCount "67"]
[GameId "2160767909347723"]
[EventDate "2013.06.04"]
[EventType "swiss"]
[EventRounds "4"]
[EventCountry "CAN"]
[SourceTitle "EXT 2022"]
[Source "ChessBase"]
[SourceDate "2021.10.06"]
[SourceVersion "1"]
[SourceVersionDate "2021.10.06"]
[SourceQuality "1"]

1. d4 e6 2. Nf3 h6 3. g3 Nc6 4. Bg2 Nf6 5. O-O d6 6. c4 Be7 7. b3 O-O 8. Bb2 a6 9. Nbd2 b6 10. Ne5 Bb7 11. Nxc6 Bxc6 12. Bxc6 Rb8 13. e4 Nh7 14. f4 b5 15. cxb5 axb5 16. Qe2 b4 17. d5 e5 18. Nc4 Bf6 19. fxe5 dxe5 20. Bxe5 Bxe5 21. Nxe5 Ng5 22. Nd7 Qe7 23. e5 Rbd8 24. Nxf8 Qc5+ 25. Kg2 Rxf8 26. h4 Ne6 27. Rac1 Nd4 28. Qf2 Qb6 29. e6 f6 30. e7 Nxc6 31. exf8=Q+ Kxf8 32. Qxb6 cxb6 33. dxc6 Ke8 34. c7 1-0